星光
| 資料類型: | 圖書 | 書目號: | 51684 |
Leader xxxxxxxxxx 001 __ 102491/7/01 005 __ 20171120175612.614 010 0_ |a978-986-342-715-5|b平裝|d新臺幣380元 020 __ |atw|b105017402 042 __ |anbic 100 __ |a20171120d2016 km y0chiy50 e 101 0_ |achi 102 __ |atw 105 __ |ay z 000ay 200 1_ |a星光|f呂秋遠著 205 __ |a初版 210 __ |a臺北市|c三采文化|d2016[民105] 215 0_ |a254面|d21公分 225 12 |aiREAD|v98 681 __ |a857.7|b8597 700 _1 |a呂|b秋遠|4著 801 _0 |atw|bLibDipper|c20171120|gCCR |